000 02032nam a2200313 uc4500
001 736438
005 20260506093006.0
008 020511e19900501 spa
020 _a8420665339
035 _a736438
040 _ccomduadb
041 _aspa
082 4 _a401
100 1 0 _aValle, Francisco
_4com
_ecom
_9493613
245 1 0 _aComprensión y producción del lenguaje. Volumen 1
260 _aMadrid :
_bAlianza Editorial,
_c1990.
300 _a415 páginas.
505 _aCONTENIDO : PRIMERA PARTE: COMPRENSIÓN DEL LENGUAJE. -- Introducción. -- Capítulo 1: Un modelo de activación interactivo de los efectos del contexto en la recepción de letras: explicación de los descubrimientos básicos. -- Capítulo 2: Acceso al léxico mental. -- Capítulo 3: Reconocimiento por palabras. -- Capítulo 4: Percepción de palabras y oraciones. -- Capítulo 5: Acceso al léxico durante la comprensión de oraciones: (Re)consideración de los efectos del contexto. -- Capítulo 6: Procesos de comprensión del habla. -- Capítulo 7: Lectura y análisis sintáctico. -- Capítulo 8: Sintaxis, semántica y oraciones ambiguas. -- Capítulo 9: Consideraciones sobre algunos problemas de la comprensión. -- Capítulo 10: Papel del conocimiento previo en las explicaciones psicológicas de la comprensión de textos. -- SEGUNDA PARTE: PRODUCCIÓN DEL LENGUAJE. -- Introducción. -- Capítulo 11: Aportaciones del estudio a las pausas en el habla. -- Capítulo 12: Niveles de procesamiento en la producción de oraciones. -- Capítulo 13: Un modelo de activación interactivo de la producción del lenguaje. -- Bibliografía.
650 7 _aPsicolingüística
_2lemb
_931208
650 _aLéxico
_987337
650 7 _aSintaxis
_2lemb
_939086
650 _aHabla
_962
650 7 _aSemántica
_2embne
_9363
650 _aLenguaje
_917640
700 1 0 _aCuetos, Fernando
_4com
_ecom
_9510615
700 1 0 _aIgoa, Jose Manuel
_4com
_ecom
_9357084
700 1 0 _aViso Pabón, Susana del
_4com
_ecom
_9358760
942 _cBOOK
999 _c242942
_d242942